Prístup k tvorbe študijných programov
Východiská tvorby študijných programov na vysokej škole. Všeobecné ciele vzdelávania. Tvorba študijných programov na vysokých školách.
Salvato in:
| Autore principale: | |
|---|---|
| Natura: | Capitolo di libro |
| Lingua: | slovacco |
| Soggetti: | |
| Tags: |
Nessun Tag, puoi essere il primo ad aggiungerne!!
|
MARC
| LEADER | 00000nla$a2200000$$$4500 | ||
|---|---|---|---|
| 001 | 0076881 | ||
| 005 | 20240506123600.1 | ||
| 041 | 0 | |a slo | |
| 044 | |a SK | ||
| 245 | 1 | 0 | |a Prístup k tvorbe študijných programov |c Ján Kráčmar |
| 520 | |a Východiská tvorby študijných programov na vysokej škole. Všeobecné ciele vzdelávania. Tvorba študijných programov na vysokých školách. | ||
| 610 | 2 | 0 | |a vzdelávanie vysokoškolské |
| 610 | 2 | 0 | |a školy vysoké |
| 610 | 2 | 0 | |a študenti |
| 610 | 2 | 0 | |a absolventi |
| 610 | 2 | 0 | |a programy študijné |
| 610 | 2 | 0 | |a kvalita |
| 610 | 2 | 0 | |a vedomosti |
| 100 | 1 | |a Kráčmar, Ján | |